| 000 | 00965nam a2200265 a 4500 | ||
|---|---|---|---|
| 001 | BRL_111 | ||
| 005 | 20190320210608.0 | ||
| 008 | 841108s1947 mx-c######---#000-0#spa-# | ||
| 040 |
_aDLC _cCarP _dDLC |
||
| 041 | _aspa | ||
| 044 | _amx | ||
| 050 | 4 |
_aND258 _b.C83 1947 |
|
| 245 | 1 | 0 |
_a45 [i. e. Cuarenta y cinco] autorretratos de pintores mexicanos siglos XVIII a XX _bII exposición del Museo Nacional de Artes Plásticas |
| 260 |
_aMéxico _bINBA, Departamento de Artes Plásticas _c1947 |
||
| 300 |
_a118 p. _bil. _c30 cm. |
||
| 500 | _aIncluye catálogo de artístas | ||
| 500 | _aCatálogo de la exposición realizada en el Museo Nacional de Artes Plásticas | ||
| 500 | _aEstado físico: encuadernado, enero 2013 | ||
| 500 | _aAu156 | ||
| 650 | 1 | 4 |
_aPintores mexicanos _vRetratos _922941 |
| 650 | 1 | 4 |
_aPintura _xExposiciones. _zMéxico _922942 |
| 710 | 2 |
_aMuseo Nacional de Artes Plásticas (Ciudad de México) _97857 |
|
| 902 | _aGRL | ||
| 942 |
_2lcc _cB |
||
| 999 |
_c8924 _d8924 |
||